Statistiques concernant Culture Générale - Série 2035

Cliquez ici pour prendre le quiz!

Statistiques générales

  • Ce quiz a été pris 66 fois
  • Le résultat moyen est 4 sur 10

Statistiques - réponses

QuestionRéponse% Correct
Complétez le titre du roman d'Ernest Hemingway publié en 1940 : "Pour qui sonne le ...glas
95%
Complétez le titre du film réalisé en 1953 par Jacques Tati : "Les vacances de Monsieur ....Hulot
90%
Quel nom porte le massif montagneux volcanique situé sur le bord de la mer méditerranée et couvrant une partie des départements du Var et des Alpes-Maritimes ?Esterel
38%
Quel fleuve traverse la ville espagnole de Tolède ?Tage
35%
Mutiler quelqu'un en lui coupant les oreilles - 10 lettres commençant par " e "essoriller
27%
Ascension d'un couloir rocheux, d'une paroi abrupte, en montagnevarappe
19%
Le nom scientifique de ce coquillage marin est Venus verrucosapraire
17%
Officier royal qui, sous l'Ancien Régime, exerçait des fonctions d'administration et de justice au Sud de la Loire et dans l'Ouest, équivalant à celle des baillis dans le Nordsénéchal
17%
Complétez le titre du film réalisé en 1939 par Maurice Cammage,avec Fernandel : "Les cinq sous de ....Lavarède
10%
Sous quel nom connait-on mieux le tétroxyde de plomb ?minium
5%

Distribution des résultats

Percentile par nombre de réponses

% des personnes avec chaque résultat

Votre développement - résultats

Vous n’avez pas pris ce quiz